Statistics for How do you say in English? (Italian - parts of the body)

Click here to take the quiz!

General Stats

  • This quiz has been taken 654 times
  • The average score is 39 of 74

Answer Stats

HintAnswer% Correct
manohand
98%
nasonose
96%
occhioeye
95%
ditofinger
94%
orecchioear
92%
braccioarm
90%
facciaface
88%
piedefoot
88%
dito dei pieditoe
88%
testahead
87%
boccamouth
87%
capellihair
85%
muscolomuscle
85%
gambaleg
84%
cuoreheart
82%
organoorgan
78%
linguatongue
78%
ginocchioknee
76%
cervellobrain
68%
spallashoulder
68%
schienaback
67%
appendiceappendix
66%
venavein
66%
tonsillatonsil
64%
ossobone
63%
labbralips
63%
unghianail
63%
polmonelung
62%
fronteforehead
61%
cranioskull
61%
cellulacell
60%
pettochest
59%
neomole
59%
bicipitebiceps
57%
fegatoliver
57%
gomitoelbow
56%
renekidney
53%
golathroat
53%
polsowrist
53%
cavigliaankle
52%
quadricipitequadriceps
51%
tendinetendon
51%
ovaiaovary
50%
tibiashinbone
50%
guanciacheek
49%
mentochin
48%
legamentoligament
47%
molecolamolecule
45%
addomeabdomen
44%
cosciathigh
41%
irideiris
39%
cartilaginecartilage
38%
sopraccigliaeyebrows
36%
palatopalate
35%
cigliaeyelashes
31%
ombeliconavel
27%
tessutotissue
27%
mascellajaw
26%
polpacciocalf
25%
timpanoeardrum
25%
gluteogluteus
24%
stincoshin
24%
vescicabladder
23%
vitawaist
23%
giunturajoint
21%
milzaspleen
19%
senobreasts
17%
rugawrinkle
17%
cistifelleagall bladder
13%
zigomocheekbone
12%
rotulakneecap
11%
cervellettolittle brain
7%
settoseptum
7%
epidermideepidermidis
3%

Score Distribution

Percentile by Number Answered

Percent of People with Each Score

Your Score History

You have not taken this quiz